000 00683cam a2200229 4500
008 090401t1991 xxu||||| |||| 00| 0 eng d
020 _a0632028491
035 _a(Sirsi) u73680
041 _aeng
050 _a690.3
100 _aHughes, Terry
245 _aQuality assurance : a framework to build on
260 _aOxford
_bBSP Professional Books
_c1991
300 _ax,173p. ; 24cm.
350 _a29.95
520 _aNot the theory but a practical approach from experience for a medium size contractor and its professional advisors.
650 _aBUILDING INDUSTRY
650 _aQUALITY ASSURANCE
700 _aWilliams, Trefor
942 _n0
948 _c04/03/1997
999 _c95676
_d95676